Informe sobre las cartas poder de los comerciantes y campesinos del valle central de Costa Rica, 1800-1824 /
Se analiza: a- La coyuntura y el movimiento estacional de las cartas poder otorgadas en el Valle Central de Costa Rica 1800-1824; b- La identidad: según vecindad, sexo, estado laico o eclesiástico y situación socio-económica-poderantes y poderhabientes; c- Los propósitos con los cuales se extendían...
Sparad:
| Huvudupphovsman: | |
|---|---|
| Materialtyp: | Text |
| Ämnen: | |
| Taggar: |
Lägg till en tagg
Inga taggar, Lägg till första taggen!
|
MARC
| LEADER | 00000 a a2200000 04500 | ||
|---|---|---|---|
| 001 | 949 | ||
| 003 | |||
| 040 | |||
| 100 | |a Molina Jiménez, Iván | ||
| 245 | |a Informe sobre las cartas poder de los comerciantes y campesinos del valle central de Costa Rica, 1800-1824 / |c Iván Molina Jiménez | ||
| 520 | |a Se analiza: a- La coyuntura y el movimiento estacional de las cartas poder otorgadas en el Valle Central de Costa Rica 1800-1824; b- La identidad: según vecindad, sexo, estado laico o eclesiástico y situación socio-económica-poderantes y poderhabientes; c- Los propósitos con los cuales se extendían las autorizaciones. Sobre esta base, se examina el papel jugado por la carta poder en la dinámica del capital comercial y en la de producción campesina. VJ/JM | ||
| 650 | |a ANALISIS HISTORICO | ||
| 650 | |a COMERCIO INTERNO | ||
| 650 | |a COLONIAS | ||
| 650 | |a COLONIALISMO | ||
| 650 | |a PODER POLITICO | ||
| 650 | |a ECONOMIA RURAL | ||
| 650 | |a DERECHOS DE PROPIEDAD | ||
| 650 | |a CLERO | ||
| 650 | |a GOBIERNO LOCAL | ||
| 650 | |a PUB.IIS | ||
| 650 | |a DISTRIBUCION GEOGRAFICA | ||
| 650 | |a PODER POLITICO | ||
| 650 | |a GRAFICOS | ||
| 773 | |g volumen 12, número 1; páginas 47-121 | ||
| 999 | |c 22175 |d 22175 | ||
